تحميل...

Purogamana sahitya prasthanam nizhalum velichavum/

التفاصيل البيبلوغرافية
المؤلف الرئيسي: Gopalakrishnan P K
التنسيق: Printed Book
منشور في: Thrissur: Kerala Sahitya Academi, 2000.
الموضوعات:
LEADER 00595nam a22001571a 4500
082 |a M09  |b GOP/P 
100 |a Gopalakrishnan P K  |9 54549 
245 |a Purogamana sahitya prasthanam nizhalum velichavum/  |c by Gopalakrishnan P K 
260 |a Thrissur:  |b Kerala Sahitya Academi,  |c 2000. 
300 |a 166p. 
650 |a Literature Malayalam Criticism  |9 54550 
650 |a Literature Malayalam  |9 54551 
650 |a Literature  |9 54552 
942 |c BK 
999 |c 137799  |d 137799 
952 |0 0  |1 0  |4 0  |6 M_09_000000000000000_GOP_P  |7 0  |9 95123  |a SSUS  |b SSUS  |c STACKS  |d 2018-06-28  |g 88.00  |o M09 GOP/P  |p 090952  |r 2018-06-28  |w 2018-06-28  |y BK